01644cam a22003251i 4500001001000000003000900010005001700019007000300036008004100039020003200080040003100112082002200143245005000165260005400215264006700269300002700336336002700363337003300390338002800423500006300451590002700514650004200541910001400583942001400597952016800611952017400779952017400953952017401127999001701301000016272DO-SdBNP20250225111112.0ta250225s2010 dr 000 0 spa d a9781496430304 (diseño RD) aDO-SdBNPbspacBNPHU erda 4a220.56 bS23122210aSanta biblia :bnueva traducción viviente / aLondon :bSociedad Bíblica Trinitaria,c[1960]. 4aIllinois, Estados Unidos : bTyndale House Foundation, c2010. a1010 páginasc22 cm. atextobtxt2rdacontent asin mediaciónbn2rdamedia avolumenbnc2rdacarrier aLa biblioteca posee los ejemplares con el diseño de RD.  aInventariado, 2025/ YL 4aBiblia. xVersion en español987056 aYLockward 2ddccLBS1 00102ddc51708PDaBNPHUbBNPHUcCTd2024-10-29eDonado por Consejo Nacional de Competitividadl0oBNPHU PD 220.56 S231p2025-1238r2025-02-25w2025-02-25yLBS1 00102ddc51708PDaBNPHUbBNPHUcCTd2024-10-29eDonado por Consejo Nacional de Competitividadl0oBNPHU PD 220.56 S231p2025-1239r2025-02-25te. 2w2025-02-25yLBS1 00102ddc56708DSaBNPHUbBNPHUcCTd2024-10-29eDonado por Consejo Nacional de Competitividadl0oBNPHU DS 220.56 S231p2025-1240r2025-02-25te. 3w2025-02-25yLBS1 00102ddc56708DSaBNPHUbBNPHUcCTd2024-10-29eDonado por Consejo Nacional de Competitividadl0oBNPHU DS 220.56 S231p2025-1241r2025-02-25te. 4w2025-02-25yLBS1 c58225d58225